| 000 | 00934nam a2200229 a 4500 | ||
|---|---|---|---|
| 001 | 41362 | ||
| 003 | BD-RjUL | ||
| 005 | 20211209053355.0 | ||
| 008 | 210106s1950 ii ||||| |||| 00| 0 ben d | ||
| 020 | _c: IRs.200.00 | ||
| 035 | _a(BD-RjUL)41479 | ||
| 040 |
_aBD-RjUL _bben _cBD-RjUL |
||
| 041 | _aben | ||
| 100 |
_aদাসগুপ্ত, আচার্য্য সুরেন্দ্রনাথ _9127180 |
||
| 245 | 1 | 0 |
_aসৌন্দর্য্য তত্ত্ব / _cআচার্য্য সুরেন্দ্রনাথ দাসগুপ্ত |
| 260 |
_aকলকাতা : _bমিত্রালয়, _c১৯৫০ |
||
| 300 |
_a৪৮পৃ. ; _c২৭ সেমি. |
||
| 504 | _aগ্রন্থপঞ্জি ও নির্ঘন্ট সম্বলিত | ||
| 650 |
_aসৌন্দর্য্য তত্ত্ব _9243342 |
||
| 650 |
_aBeauty theory _9243343 |
||
| 942 |
_2ddc _cBK |
||
| 999 |
_c41362 _d41362 |
||